Statistiken für Schnelle Mathematik: Vielfachen von 16

Klicken Sie hier um das Quiz zu spielen!

Allgemein

  • Dieses Quiz wurde 158 mal gespielt
  • Das Durchschnittsergebnis liegt bei 7 aus 10

Antwortstatistiken

HintAntwort% Korrekt
1*1616
100%
2*1632
100%
3*1648
94%
4*1664
94%
5*1680
76%
8*16128
71%
6*1696
65%
7*16112
53%
9*16144
29%
10*16160
29%

Verteilung der Resultate

Perzentil nach korrekt beantworteten Fragen

Anzahl Personen mit jedem Resultat

Ihre Resultats-Entwicklung

Sie haben dieses Quiz noch nicht gespielt